{"text_format":"3","workbook":"xlsx","n_sheets":4,"sheets":["办公文具","清洁用品","五金水暖","油墨粉盒"],"read":"whole","date_system":"1900"}

{"sheet":"办公文具","index":0,"n_rows":77,"n_cols":7,"rows_kept":77,"merged":[[0,0,0,5]]}
["闽江学院附属中学办公用品及其类似相似物采购项目清单（包1）"]
["序号","商品名称","规格型号","单位","数量","最高单价\n\n限价(元)","最高限价\n\n(元)"]
["1-1","奖状","16K","张",2500,0.5,{"$f":"E3*F3","v":1250}]
["1-2","荣誉证书","16K","本",150,10,1500]
["1-3","大透明胶"," 6cm","个",120,8.9,1068]
["1-4","小透明胶","1.2cm","个",200,2,400]
["1-5","双面胶","宽 0.5cm","个",50,1.2,60]
["1-6","双面胶","宽 1cm","个"," 120",1.8,216]
["1-7","双面胶","宽 1.5cm","个",80,2,160]
["1-8","固体胶"," 25g","支"," 120",5,600]
["1-9","固体胶","15g","支"," 100",2.5,250]
["1-10","皮革笔记本"," 16K","本"," 150",15,2250]
["1-11","美工刀","163mm及以上","把",50,5.8,290]
["1-12","办公剪刀","170mm及以上","把",45,5,225]
["1-13","胶水"," 50mL","瓶",30,2.8,84]
["1-14","记号笔","黑色","支",70,2.5,175]
["1-15","记号笔","红色","支",50,2.5,125]
["1-16","中性笔","笔头线幅0.5mm，尺寸150*9*15mm及以上，书写长度400m。","支",1000,1.5,1500]
["1-17","大队旗"," 80cm*60cm及以上","面",3,88,264]
["1-18","中队旗"," 80cm*60cm及以上","面",3,88,264]
["1-19","红旗","6号","面",25,28,700]
["1-20","红旗","3号","面",25,58,1450]
["1-21","一次性纸杯"," 245mL及以上","包"," 200",14.5,2900]
["1-22","牛皮纸","60 g 及以上","张"," 600",1.5,900]
["1-23","粉红色招贴纸"," 60 g及以上","张"," 500",1.5,750]
["1-24","信封","176*125mm及以上","个",1000,0.5,500]
["1-25","信封"," 220*110mm及以上","个",1000,0.9,900]
["1-26","信封","229*162mm及以上","个"," 800",1.2,960]
["1-27","长尾夹","15mm及以上","盒",50,4,200]
["1-28","长尾夹","19mm及以上","盒",50,5,250]
["1-29","长尾夹","25mm及以上","盒",50,5.8,290]
["1-30","长尾夹","32mm及以上","盒",50,6.2,310]
["1-31","长尾夹","41mm及以上","盒",50,11,550]
["1-32","长尾夹","50mm及以上","盒",20,13.5,270]
["1-33","牛皮档案袋","A4","个"," 600",1.3,{"$f":"E35*F35","v":780}]
["1-34","牛皮档案袋"," A3","个"," 300",3,900]
["1-35","小刀","7cm*1.5cm及以上","把",60,0.8,48]
["1-36","回形针","29mm","盒",80,1.5,120]
["1-37","红色圆珠笔",null,"支"," 600",1,600]
["1-38","大容量签字笔"," 1.0mm","支",50,3,150]
["1-39","软抄","40页","本",50,10,500]
["1-40","拉链文件袋","A4","个",100,2.5,250]
["1-41","透明板夹","A4","个",20,8,160]
["1-42","快干印泥（蓝）","长方形 137*88mm及以上","个",50,15,750]
["1-43","快干印泥（红）","长方形 137*88mm及以上","个",50,15,750]
["1-44","文件盒","7.5cm及以上","个",50,17,850]
["1-45","文件盒","5.5cm及以上","个",50,14,700]
["1-46","文件盒","3.5cm及以上","个",50,13,650]
["1-47","订书机","薄层 110*40*83mm及以上","台",30,15,450]
["1-48","省力订书机","薄层 133*93*39mm及以上","台",35,26,910]
["1-49","订书钉","薄层 每盒1000枚","盒",110,1.5,165]
["1-50","水彩笔"," 24色","盒",30,28,840]
["1-51","团旗","团旗 240*160cm","面",5,27,135]
["1-52","聘书","A4","本",100,10,1000]
["1-53","库存物资登记账","32K","本",40,14,560]
["1-54","账本封面","16K","本",10,9.5,95]
["1-55","粉笔","粉色","盒",800,2.3,1840]
["1-56","粉笔","白色","盒",720,2,1440]
["1-57","教学三角板","50cm及以上","付",30,45,1350]
["1-58","教学圆规"," 48*165*18mm及以上","付",30,48,1440]
["1-59","财务铁夹","76mm及以上","个",50,5,250]
["1-60","计算器","149*120*50mm及以上","台",15,28,420]
["1-61","裁纸刀","A4","台",5,200,1000]
["1-62","大头针","24mm","盒",50,2,100]
["1-63","挂钟","30cm及以上","台",50,70,3500]
["1-64","小双头油性笔","0.5mm、1mm","支",30,5,150]
["1-65","团员资料袋","A4","个",500,5,{"$f":"E67*F67","v":2500}]
["1-66","过塑膜"," A4","包",20,22,440]
["1-67","尺子","30cm","把",35,5,175]
["1-68","USB鼠标","有线USB接头","个",35,30,1050]
["1-69","键盘","有线USB接头","个",20,70,1400]
["1-70","U盘","32g及以上","个",10,55,550]
["1-71","一次性吸管","50支/包及以上","包",20,10,200]
["1-72","收纳箱","小号 30.5*21*17.5cm及以上","个",35,12,420]
["1-73","收纳箱"," 中号 50*35.5*29cm及以上","个",30,40,1200]
["1-74","收纳箱","大号 74.5*53*45cm及以上","个",20,88,1760]
[{"$nulls":5},"总计：",{"$f":"SUM(G3:G76)","v":54159}]

{"sheet":"清洁用品","index":1,"n_rows":45,"n_cols":7,"rows_kept":45,"merged":[[0,0,0,4]]}
["闽江学院附属中学办公用品及其类似相似物采购项目清单（包2）"]
["序号","商品名称","规格型号","单位","数量","最高单价\n\n限价(元)","最高限价\n\n(元)"]
["2-1","全棉拖把","1.3m及以上","把",300,12.5,{"$f":"E3*F3","v":3750}]
["2-2","塑料扫把"," 1.1m及以上","把",300,9,{"$f":"E4*F4","v":2700}]
["2-3","铁畚斗",null,"个",300,12,3600]
["2-4","纸篓",null,"个",200,10,2000]
["2-5","老鼠贴",null,"张",50,5,250]
["2-6","抽纸","3包/提及以上","提",20,15,300]
["2-7","大盘纸","12卷/箱及以上","箱",10,205,2050]
["2-8","卷纸","10卷/提及以上","提",50,30,1500]
["2-9","粘钩","中号","个",22,9,198]
["2-10","粘钩","小号","个",18,5,90]
["2-11","粘钩","大号","个",10,15,150]
["2-12","抹布","40cm*30cm及以上","条",100,5,500]
["2-13","百洁布","68mm*98mm及以上","块",100,2.5,250]
["2-14","小垃圾袋","55cm*60cm及以上","卷",1500,3.2,4800]
["2-15","洗手液"," 500ml","瓶",100,13.5,1350]
["2-16","大垃圾袋","90cm*100cm及以上","包",1200,9.8,11760]
["2-17","水桶"," ","个",50,12,600]
["2-18","竹扫把","1.8m及以上","把",100,10,1000]
["2-19","竹枝",null,"捆",45,45,2025]
["2-20","橡胶手套"," M号","双",50,7,350]
["2-21","洁厕剂","1加仑及以上","桶",80,48,3840]
["2-22","全能水","1加仑及以上","桶",80,48,3840]
["2-23","无纺布拖把","1.1m及以上","把",60,25,1500]
["2-24","洗洁精"," 500g","瓶",40,15,600]
["2-25","毛巾",null,"条",50,10,500]
["2-26","香晶球",null,"个",200,2,400]
["2-27","消毒水"," 500g","瓶",50,5.5,275]
["2-28","雨鞋","  高筒","双",20,50,1000]
["2-29","洗衣粉","3.5kg及以上","包",45,40,1800]
["2-30","麻抹布",null,"片",40,7,280]
["2-31","平拖布头",null,"条",30,30,900]
["2-32","平拖布头",null,"条",30,40,1200]
["2-33","海绵拖把（大）","棉头","把",50,40,2000]
["2-34","小号喷水壶"," ","个",30,8,240]
["2-35","不锈钢亮光剂","300ml","桶",15,113,1695]
["2-36","钢丝球","6.5cm","个",100,1.5,150]
["2-37","泡沫洗手液","500ml及以上","瓶",50,15,750]
["2-38","带盖垃圾桶"," 200升及以上","个",20,180,3600]
["2-39","清洁刀","210mm及以上","把",30,7,210]
["2-40","除胶剂","350ml及以上","瓶",50,20,1000]
["2-41","地刷","1m及以上","把",50,10,500]
["2-42","毛刷",null,"把",30,4,120]
[{"$nulls":5},"总计：",{"$f":"SUM(G3:G44)","v":65623}]

{"sheet":"五金水暖","index":2,"n_rows":62,"n_cols":7,"rows_kept":62,"merged":[[0,0,0,4]]}
["闽江学院附属中学办公用品及其类似相似物采购项目清单（包3）"]
["序号","商品名称","规格型号","单位","数量","最高单价限价(元)","最高限价(元)"]
["3-1","电池"," 9V","粒",120,5.5,{"$f":"E3*F3","v":660}]
["3-2","电池","1号","粒",200,10,{"$f":"E4*F4","v":2000}]
["3-3","电池","2号","粒",100,8,800]
["3-4","电池"," 5号","粒",700,2.8,1960]
["3-5","电池","7号","粒",700,2.8,1960]
["3-6","扎带",null,"包",30,26,780]
["3-7","扎带",null,"包",30,35,1050]
["3-8","插排"," 6位5米","个",50,75,3750]
["3-9","插排"," 6位3米","个",40,68,2720]
["3-10","玻璃绳"," 25g","卷",100,1.8,180]
["3-11","警戒线",null,"个",30,46,1380]
["3-12","警戒胶带"," ","卷",100,10,1000]
["3-13","中灯笼"," ","个",60,12,720]
["3-14","大灯笼"," 1.5米","个",6,180,1080]
["3-15","小灯笼"," ","个",200,7,1400]
["3-16","铁管钉"," ","个",90,1,90]
["3-17","软管"," 1米","条",50,10,500]
["3-18","PPR管","PPR20","米",100,12,1200]
["3-19","弯头","PPR20","个",50,5,250]
["3-20","直接","PPR20","个",30,5,150]
["3-21","三通","PPR20","个",36,5,180]
["3-22","内牙弯头",null,"个",40,12,480]
["3-23","管帽","PPR25","个",20,5,100]
["3-24","不锈钢合页"," 三寸","个",60,12,720]
["3-25","钢锯片",null,"片",100,1.5,150]
["3-26","开关","一开双控","个",50,12,600]
["3-27","开关"," 二开双控","个",50,15,750]
["3-28","开关","三开双控","个",40,18,720]
["3-29","插座"," 五孔","个",100,10,1000]
["3-30","排水管","  50","米",40,10,400]
["3-31","补心",null,"个",20,8,160]
["3-32","内接",null,"个",30,8,240]
["3-33","电线","BV1.5","捆",20,200,4000]
["3-34","电线"," BV2.5","捆",10,550,{"$f":"E36*F36","v":5500}]
["3-35","电线"," BV4.0","捆",7,850,5950]
["3-36","电线","BV6.0","捆",5,1000,5000]
["3-37","钢丝下水软管"," 1m","条",50,15,750]
["3-38","挂锁"," 38mm","把",50,8,400]
["3-39","自攻螺丝","4*16","盒",20,25,500]
["3-40","自攻螺丝"," 4*20","盒",20,25,500]
["3-41","自攻螺丝","4*30","盒",20,25,500]
["3-42","铁门锁","35mm","把",30,33,990]
["3-43","护套线","2*2.5","米",500,5,2500]
["3-44","线扣","20*9mm","盒",30,5,150]
["3-45","时控器",null,"个",50,75,3750]
["3-46","玻璃胶","250ml及以上","瓶",60,22,1320]
["3-47","泡沫双面胶","2cm","卷",100,2.5,250]
["3-48","电话线","全铜4芯","米",300,3,900]
["3-49","麻花钻"," 3厘","条",50,5,250]
["3-50","油漆","1L及以上","桶",20,80,1600]
["3-51","三角阀","材质为黄铜","个",45,25,1125]
["3-52","中长龙头","材质为黄铜150mm及以上","个",40,25,1000]
["3-53","面盆感应龙头",null,"个",30,390,11700]
["3-54","螺杆",null,"套",100,2,200]
["3-55","小便槽感应器",null,"套",30,290,8700]
["3-56","软门帘"," 厚度1.3mm及以上","平方",50,55,2750]
["3-57","抽屉锁","40mm及以上","把",80,12,960]
["3-58","PVC电工胶布","0.13mm及以上","卷",100,2,200]
["3-59","4分软管","高压","米",300,8,2400]
[{"$nulls":5},"总计：",{"$f":"SUM(G3:G61)","v":92975}]

{"sheet":"油墨粉盒","index":3,"n_rows":14,"n_cols":5,"rows_kept":14,"merged":[[0,0,0,4]]}
["闽江学院附属中学办公用品及其类似相似物采购项目清单（包4）"]
["序号","商品名称","品牌/规格型号","单位","数量"]
["4-1","替代硒鼓","2612A硒鼓","个",10]
["4-2","替代硒鼓","280A硒鼓","个",7]
["4-3","碳粉","7360碳粉","个",100]
["4-4","碳粉","7380碳粉","个",100]
["4-5","碳粉","260A碳粉","个",80]
["4-6","粉盒","2451H粉盒","个",25]
["4-7","粉盒","2325粉盒","个",25]
["4-8","粉盒","2612A粉盒","个",20]
["4-9","硒鼓","400A硒鼓","个",10]
["4-10","油墨","5330油墨","支",100]
["4-11","油墨","5450C油墨","支",100]
[{"$nulls":4},"预算50000元"]